| 000 | 00606nam a2200181 4500 | ||
|---|---|---|---|
| 001 | 117093 | ||
| 003 | ES-MaACL | ||
| 007 | t| | ||
| 008 | 071121s1975 sp r ||||1| spa d | ||
| 100 | 1 |
_aPeña, Aniano. _990204 |
|
| 245 | 1 | 0 |
_aAmérico Castro y su visión de España y de Cervantes / _cAniano Peña. |
| 260 |
_aMadrid : _bGredos, _c1975. |
||
| 300 |
_a317 p. ; _c21 cm. |
||
| 490 | 1 |
_aBiblioteca románica hispánica. Estudios y ensayos ; _v226 |
|
| 830 | 0 |
_aBiblioteca románica hispánica. II. Estudios y ensayos _v226 _9178108 |
|
| 852 |
_aES-MaACL _jL-4510 _bR.105258 |
||
| 999 |
_c117093 _d117093 |
||